| 000 | 00818cam a2200253 a 4500 | ||
|---|---|---|---|
| 001 | 000004353 | ||
| 005 | 20200929151428.0 | ||
| 008 | 910729s1993 sp 000 f spa | ||
| 020 | _a847880269X | ||
| 040 |
_aDO-SdBNP _bspa _cBNPHU |
||
| 082 |
_a813.54 _bD281s |
||
| 100 | 1 |
_aDean, Maureen _q(John Wesley Dean) _d1938-1972 _912827 |
|
| 240 | 1 | 0 |
_aCapitol secrets. _lEspañol |
| 245 | 1 | 0 |
_aSola ante la infancia / _cMaureen Dean ; traducción, Ana Mendoza. |
| 260 |
_aMadrid : _bTemas de Hoy, _c1993. |
||
| 300 |
_a347 p. ; _c23 cm. |
||
| 440 | 0 |
_aNueva novela romántica ; _v3 _912828 |
|
| 534 |
_pTítulo original: _tCapitol secrets. |
||
| 650 | 4 |
_aNovela estadounidense _9262 |
|
| 650 | 4 |
_aLiteratura estadounidense _9263 |
|
| 700 | 1 |
_aMendoza, Ana, _etr. _912829 |
|
| 910 | _aCatalogación derivada | ||
| 910 | _aWM | ||
| 999 |
_c4162 _d4162 |
||